Книга 2/Book 2; Учебник английского языка. Русская версия

التفاصيل البيبلوغرافية
Parent link:Учебник английского языка. Русская версия=Essential English for Foreign Students: в 4 книгах/ К. Э. Эккерсли. Книга 2/Book 2.— , 1991
اللغة:الروسية
الإنجليزية
منشور في: 1991
الموضوعات:
التنسيق: كتاب
KOHA link:https://koha.lib.tpu.ru/cgi-bin/koha/opac-detail.pl?biblionumber=324843

MARC

LEADER 00000nam2a2200000 4500
001 324843
005 20231102003715.0
010 |a 5853950207 
035 |a (RuTPU)RU\TPU\book\350454 
035 |a RU\TPU\book\350452 
090 |a 324843 
100 |a 20161123d1991 m y0rusy50 ca 
101 0 |a rus  |a eng 
102 |a RU 
105 |a a j 000zy 
200 0 |a Книга 2/Book 2 
210 |d 1991 
215 |a 250 с.  |c ил. 
461 1 |0 (RuTPU)RU\TPU\book\350445  |t Учебник английского языка. Русская версия  |l Essential English for Foreign Students  |o в 4 книгах  |f К. Э. Эккерсли  |v Книга 2/Book 2  |d 1991 
606 1 |a Английский язык  |x Учебные руководства и пособия  |x Учебные руководства и пособия для высшей школы  |2 stltpush  |3 (RuTPU)RU\TPU\subj\29071  |9 52483 
610 1 |a лексика 
610 1 |a разговорный язык 
610 1 |a фонетика 
610 1 |a грамматика 
610 1 |a упражнения 
686 |a Ш143.21-923  |v LBC/SL-A  |2 rubbk 
801 0 |a RU  |b 63413507  |c 20011209  |g PSBO 
801 2 |a RU  |b 63413507  |c 20161123  |g PSBO 
942 |c BK